000 00282nam a22001217a 4500
008 170214b xxu||||| |||| 00| 0 eng d
041 _aeng
080 _26TH
_a61
100 _a4
101 _aSHM
245 _aMANAGEMENT OF LIPIDS IN CLINICAL PRACTICE
_cSTONE, N.J
942 _2udc
_cBK
999 _c5372
_d5372